[Event "International Championship of Central Serbia 2015 - OPEN A"]
[Site "Paracin, hotel Petrus"]
[Date "2015.07.09"]
[Round "8.49"]
[White "Kucuksari, Kaan"]
[Black "Lekic, Lazar"]
[Result "1-0"]
[WhiteElo "1981"]
[BlackElo "2235"]
[Annotator "Natasa"]
[PlyCount "62"]
[EventDate "2015.07.03"]

1. d4 Nf6 2. Nf3 e6 3. c4 Bb4+ 4. Bd2 a5 5. a3 Bxd2+ 6. Nbxd2 d6 7. g3 a4 8.
Bg2 Nbd7 9. O-O O-O 10. Rb1 e5 11. e3 Qe7 12. Ng5 Kh8 13. Nge4 Nxe4 14. Nxe4 f5
15. Nc3 Nb6 16. Nd5 Nxd5 17. cxd5 f4 18. dxe5 dxe5 19. exf4 exf4 20. Re1 Qg5
21. Rc1 Bg4 22. f3 Bc8 23. g4 h5 24. h3 Ra6 25. Rxc7 hxg4 26. hxg4 Bxg4 27.
fxg4 f3 28. Bxf3 Qf4 29. Rc3 Rh6 30. Rc2 Rh3 31. Rg2 Qh6 {unreadable} 1-0

[Event "International Championship of Central Serbia 2015 - OPEN A"]
[Site "Paracin, hotel Petrus"]
[Date "2015.07.09"]
[Round "8.50"]
[White "Tisma, Ivan"]
[Black "Vassilev, Martin"]
[Result "1/2-1/2"]
[WhiteElo "2206"]
[BlackElo "2030"]
[PlyCount "104"]
[EventDate "2015.07.03"]

1. Nf3 d5 2. g3 Nf6 3. b3 g6 4. Bb2 Bg7 5. c4 c6 6. d3 O-O 7. Bg2 dxc4 8. bxc4
h6 9. O-O Qa5 10. Nbd2 Qh5 11. Re1 Bh3 12. Bh1 Nbd7 13. Rb1 Rab8 14. Qc2 e5 15.
Ba3 c5 16. Rb5 b6 17. Bb2 Ne8 18. a4 Nc7 19. Rb3 g5 20. a5 Ne6 21. axb6 axb6
22. Ra1 Nd4 23. Bxd4 cxd4 24. Ra7 Nc5 25. Rba3 Bc8 26. Nb3 Ne6 27. Qd1 g4 28.
Nfd2 Ng5 29. Bd5 Be6 30. Bb7 Nh3+ 31. Kg2 Nxf2 32. Kxf2 Rxb7 33. Qh1 Rfb8 34.
Ra8 Kh7 35. Rxb8 Rxb8 36. Qg2 Bf6 37. Ne4 Qf5+ 38. Kg1 Be7 39. Ra7 Bb4 40. Ra1
b5 41. Rf1 Qg6 42. Nbc5 Bxc5 43. Nxc5 bxc4 44. dxc4 Re8 45. Ne4 Rc8 46. c5 f5
47. Nd6 Rxc5 48. Qb7+ Qg7 49. Qb4 Qc7 50. Nxf5 Rc1 51. Qf8 Rxf1+ 52. Kxf1 Bxf5
1/2-1/2

[Event "International Championship of Central Serbia 2015 - OPEN A"]
[Site "Paracin, hotel Petrus"]
[Date "2015.07.09"]
[Round "8.51"]
[White "Konstantinov, Aleksandar"]
[Black "Injac, Teodora"]
[Result "1/2-1/2"]
[WhiteElo "2046"]
[BlackElo "2165"]
[PlyCount "50"]
[EventDate "2015.07.03"]

1. d4 Nf6 2. c4 g6 3. Nc3 Bg7 4. e4 d6 5. Nf3 O-O 6. Be2 Nbd7 7. O-O e5 8. d5
Nc5 9. Qc2 a5 10. Bg5 h6 11. Be3 b6 12. Nd2 h5 13. a3 Ng4 14. Bxg4 hxg4 15. b4
axb4 16. axb4 Rxa1 17. Rxa1 Na6 18. Ra4 f5 19. f3 Qh4 20. Bf2 Qh5 21. fxg4 Qxg4
22. Nf3 fxe4 23. h3 Qf4 24. Ne2 Qf5 25. Ng3 Qf4 1/2-1/2

[Event "International Championship of Central S"]
[Site "Paracin, hotel Petrus"]
[Date "2015.07.09"]
[Round "8.52"]
[White "Aydincelebi, Kogan"]
[Black "Djokic, Slavoljub"]
[Result "1-0"]
[WhiteElo "1910"]
[BlackElo "2141"]
[PlyCount "107"]
[EventDate "2015.07.03"]

1. e4 d5 2. exd5 Qxd5 3. Nc3 Qa5 4. d4 c6 5. Nf3 Bg4 6. h3 Bxf3 7. Qxf3 e6 8.
Bd2 Bb4 9. Qg3 g6 10. d5 Nf6 11. dxe6 fxe6 12. Bc4 Kf7 13. O-O Nbd7 14. Rfe1
Rhe8 15. a3 Bxc3 16. Bxc3 Qc5 17. Bb3 Nd5 18. Rad1 N7f6 19. Qe5 Qe7 20. Bxd5
cxd5 21. Rd4 Rac8 22. Rf4 Rxc3 23. bxc3 h6 24. Re3 Kg7 25. Ref3 Rf8 26. h4 h5
27. g4 hxg4 28. Rxg4 Kh7 29. Qg5 Qg7 30. Rgf4 Nd7 31. Rxf8 Nxf8 32. Rg3 Qf7 33.
h5 gxh5 34. Rh3 Qg6 35. Rxh5+ Kg7 36. f3 Qxg5+ 37. Rxg5+ Kf6 38. Rg3 Kf7 39.
Rg4 e5 40. Ra4 a6 41. Rb4 b5 42. a4 Nd7 43. axb5 axb5 44. Rxb5 Ke6 45. Kf2 Nf6
46. Ke3 Nh5 47. Rb6+ Kf5 48. c4 d4+ 49. Kf2 Nf4 50. Rd6 Ne6 51. Rc6 Nf4 52. c5
e4 53. fxe4+ Kxe4 54. Rd6 1-0

[Event "International Championship of Central Serbia 2015 - OPEN A"]
[Site "Paracin, hotel Petrus"]
[Date "2015.07.09"]
[Round "8.53"]
[White "Lazov, Toni"]
[Black "Kovacevic, Bozidar"]
[Result "1-0"]
[WhiteElo "2141"]
[BlackElo "2000"]
[Annotator "Natasa"]
[PlyCount "153"]
[EventDate "2015.07.03"]

1. e4 e6 2. d4 d5 3. Nd2 dxe4 4. Nxe4 Nd7 5. Bd3 Ngf6 6. Qe2 Nxe4 7. Bxe4 Nf6
8. Bxb7 Rb8 9. Bxc8 Qxc8 10. Nf3 c5 11. O-O cxd4 12. Nxd4 Bc5 13. Nb3 Bd6 14.
Bg5 Qc7 15. Bxf6 gxf6 16. h3 Rg8 17. Rfe1 Ke7 18. Qe4 Rg5 19. Nd4 Rbg8 20. g4
h5 21. Nxe6 f5 22. Qe3 Bh2+ 23. Kh1 Qc6+ 24. Kxh2 fxe6 25. Qxa7+ Kf6 26. Qd4+
Kf7 27. Qc3 Qd6+ 28. Qe5 Qb6 29. Qe3 Qd6+ 30. f4 hxg4 31. Qxe6+ Qxe6 32. Rxe6
Rh5 33. Re3 Rd8 34. Rg1 Rd2+ 35. Rg2 Rd1 36. Rge2 Rf1 37. Kg2 Rxf4 38. hxg4
Rxg4+ 39. Rg3 Rgh4 40. Kf3 Kf6 41. b3 f4 42. Rg8 Rh3+ 43. Kxf4 R5h4+ 44. Rg4
Rh5 45. Reg2 Rf5+ 46. Ke4 Rhf3 47. Kd4 Ke6 48. Kc4 Rf8 49. Kb4 Ra8 50. a4 Rb8+
51. Ka3 Rf1 52. Rd4 Ke5 53. Rgd2 Rc1 54. Kb2 Rh1 55. Rd5+ Ke4 56. Rd8 Rb4 57.
Re8+ Kf3 58. Rd3+ Kf4 59. Rd7 Kf5 60. Rf7+ Kg6 61. Rf2 Rh3 62. Rg8+ Kh7 63.
Rgg2 Re3 64. Rf1 Rh3 65. Rfg1 Rb7 66. c3 Rc7 67. Rg3 Rh2+ 68. R3g2 Rh4 69. b4
Re7 70. a5 Ra7 71. Kb3 Ra8 72. c4 Rh6 73. Ra2 Rh4 74. Rgg2 Re4 75. b5 Rc8 76.
Rac2 Ra8 77. a6 {unreadable} 1-0

[Event "International Championship of Central Serbia 2015 - OPEN A"]
[Site "Paracin, hotel Petrus"]
[Date "2015.07.09"]
[Round "8.54"]
[White "Egorova, Ayyyna"]
[Black "Markovic, Miroslav R"]
[Result "1-0"]
[WhiteElo "1901"]
[BlackElo "2114"]
[PlyCount "81"]
[EventDate "2015.07.03"]

1. e4 e6 2. d4 c5 3. Nf3 cxd4 4. Nxd4 a6 5. c4 Nc6 6. Nc3 Bb4 7. Nxc6 bxc6 8.
Qd4 Qf6 9. e5 Qd8 10. a3 Ba5 11. b4 Bc7 12. Ne4 h6 13. Bd3 a5 14. Bb2 axb4 15.
axb4 Rxa1+ 16. Bxa1 Bb7 17. O-O h5 18. Bc3 Qb8 19. Rd1 Bc8 20. Bc2 h4 21. Nc5
Bb6 22. Qg4 Ne7 23. Ne4 g6 24. Nf6+ Kd8 25. Qg5 c5 26. Ba4 cxb4 27. Bxd7 bxc3
28. Ng8 Bxf2+ 29. Kh1 Qb4 30. Nxe7 Kc7 31. Bxc8 Bd4 32. h3 Qc5 33. Qf4 Rd8 34.
Rb1 Qxe5 35. Qxf7 Kd6 36. Nd5 exd5 37. Qxg6+ Qf6 38. Rb6+ Kc5 39. Rxf6 Bxf6 40.
Qxf6 Rxc8 41. cxd5 1-0

[Event "International Championship of Central Serbia 2015 - OPEN A"]
[Site "Paracin, hotel Petrus"]
[Date "2015.07.09"]
[Round "8.55"]
[White "Perovic, Zivojin"]
[Black "Martynov, Petr"]
[Result "1/2-1/2"]
[WhiteElo "2042"]
[BlackElo "1932"]
[PlyCount "64"]
[EventDate "2015.07.03"]

1. e4 e6 2. d3 c5 3. Nf3 Ne7 4. g3 g6 5. Bg2 Bg7 6. O-O O-O 7. c3 Nbc6 8. Re1
d6 9. Nbd2 Rb8 10. a4 a6 11. Qc2 b5 12. axb5 axb5 13. Nb3 b4 14. Be3 Qb6 15.
Reb1 e5 16. Nfd2 Be6 17. Nc4 Qc7 18. Nbd2 f5 19. f3 f4 20. Bf2 Qd7 21. g4 Rfd8
22. Na5 Nxa5 23. Rxa5 bxc3 24. bxc3 Qc7 25. Rab5 Rxb5 26. Rxb5 Rb8 27. Qb2 Rxb5
28. Qxb5 Qa7 29. Nc4 Bd7 30. Qb3 Be6 31. Qb5 Bd7 32. Qb3 Be6 1/2-1/2

[Event "International Championship of Central Serbia 2015 - OPEN A"]
[Site "Paracin, hotel Petrus"]
[Date "2015.07.09"]
[Round "8.56"]
[White "Ludvigsen, Frode"]
[Black "Djordjevic, Gradimir"]
[Result "1/2-1/2"]
[WhiteElo "2085"]
[BlackElo "2111"]
[PlyCount "84"]
[EventDate "2015.07.03"]

1. d4 Nf6 2. c4 e6 3. Nf3 d5 4. g3 c6 5. Bg2 Bd6 6. O-O O-O 7. Nfd2 Nbd7 8. Nc3
a6 9. e4 dxe4 10. Ndxe4 Be7 11. Bf4 Nxe4 12. Nxe4 Nf6 13. Nc3 Bd6 14. Be3 e5
15. d5 c5 16. Na4 Qc7 17. b4 b6 18. Rb1 Bf5 19. Rc1 Rab8 20. b5 axb5 21. cxb5
Ra8 22. Qb3 Qa7 23. Nb2 Be4 24. a4 Bxg2 25. Kxg2 Rfb8 26. Ra1 Qd7 27. Rfd1 Qf5
28. f3 e4 29. f4 Qh5 30. Bg1 Qg4 31. Kh1 Qh3 32. Qc2 Ra7 33. Nc4 Bc7 34. d6 Bd8
35. Ne5 Rba8 36. Qb3 Qe6 37. Qxe6 fxe6 38. Nc6 Rd7 39. Ne5 Rda7 40. Nc6 Rd7 41.
Ne5 Rda7 42. Nc6 Rd7 1/2-1/2